Bisogno d'amore (Record no. 211590)

MARC details
000 -LEADER
fixed length control field 01262nam a2200205Ia 4500
001 - CONTROL NUMBER
control field b5546-37052
003 - CONTROL NUMBER IDENTIFIER
control field IT-MiCISF
008 - FIXED-LENGTH DATA ELEMENTS--GENERAL INFORMATION
fixed length control field 161014s9999||||xx |||||||||||||| ||und||
040 ## - CATALOGING SOURCE
Original cataloging agency IT-MiCISF
Transcribing agency IT-MiCISF
041 ## - LANGUAGE CODE
Language code of text/sound track or separate title it
999 ## - SYSTEM CONTROL NUMBERS (KOHA)
Koha Dewey Subclass [OBSOLETE] si
100 ## - MAIN ENTRY--PERSONAL NAME
Personal name Dacquino Giacomo
245 #0 - TITLE STATEMENT
Title Bisogno d'amore
Remainder of title Superare l'immaturità psicoaffettiva
250 ## - EDITION STATEMENT
Edition statement 1a ed.
260 ## - PUBLICATION, DISTRIBUTION, ETC. (IMPRINT)
Place of publication, distribution, etc. Milano
Name of publisher, distributor, etc. Mondadori
Date of publication, distribution, etc. 2002
300 ## - PHYSICAL DESCRIPTION
Extent pp. 190
500 ## - GENERAL NOTE
General note / coppia, coppia-in-crisi / Un libro dedicato alla crisi d'amore che, secondo l'A., caratterizza la società contemporanea: "L'amore è tra i grandi malati del nostro tempo. Stiamo diventando superficiali, indifferenti, competitivi e aggressivi, a scapito dell'affettività e dell'emotività". Coppie in crisi, crescita del numero dei single e dei separati, aumento dei casi di violenza: tutti sintomi che ogni giorno la cronaca di propone. L'A., che nel suo lavoro di psichiatra e psicoanalista sempre più spesso incontra persone sole alla ricerca di "un po' di calore", affronta e spiega le carenze affettive del nostro tempo, invitandoci a rispettare, prima di ogni altra cosa, il nostro bisogno interiore di amore e di voler bene.
650 ## - SUBJECT ADDED ENTRY--TOPICAL TERM
Topical term or geographic name as entry element Relazione di coppia / coppia
Relator term 002
942 ## - ADDED ENTRY ELEMENTS (KOHA)
Koha item type LIBRO
957 ## -
-- 1
999 ## - SYSTEM CONTROL NUMBERS (KOHA)
-- 1
Holdings
Withdrawn status Lost status Damaged status Not for loan Home library Current library Date acquired Total Checkouts Full call number Date last seen Price effective from Koha item type Public note
    Buone Condizioni Not For Loan CISF - Milano CISF - Milano 14/10/2016   b5546-37052 14/10/2016 14/10/2016 LIBRO Data import 15.10.2016 / by Epidotti, Vaglietti
CREDITS: SOCIETA' SAN PAOLO Via A.Severo, 58 - ROMA (RM) & PERIODICI SAN PAOLO SRL Via Giotto, 36 MILANO & CISF Via Giotto, 36 MILANO & EDIZIONI SAN PAOLO SRL,  Piazza Soncino, 5 CINISELLO BALSAMO (MI) -- ITALY